| 000 | 00714nam a22002177a 4500 | ||
|---|---|---|---|
| 999 |
_c15500 _d15500 |
||
| 003 | AR-CdUCM | ||
| 008 | 190427b ||||| |||| 00| 0 spa d | ||
| 040 |
_aMUNICIPALIDAD PROVINCIAL DEL CUSCO _cBIBLIOTECA MUNICIPAL DEL CUSCO |
||
| 082 |
_a843 / _bL86 / 1923 |
||
| 100 |
_aLoti, Pierre _934594 |
||
| 245 |
_aLas desencantadas : _bNovela de los harenes turcos contemporáneos / |
||
| 260 |
_aMéxico : _bBouret, _c1923. |
||
| 300 |
_a419 páginas ; _c19 cm. |
||
| 505 | _aContenido : Las desencantadas -- I -- II -- III ... | ||
| 650 |
_aLiteratura _983 |
||
| 650 |
_aEspañola _924066 |
||
| 650 |
_aUniversal _918236 |
||
| 700 |
_aDocteur, Carlos _934595 |
||
| 942 |
_2ddc _cFOLLETOS |
||
| 945 |
_arah _d27/04/2019 |
||